000 00894nam a2200193 a 4500
001 1045
003 CO-ViMGA
008 141112s2004 ck r 000 u spa d
040 _aCO-ViMGA
_bspa
_cCO-ViMGA
082 _a657.046 F455
100 1 _aFinney, Harry A
_96168
245 1 0 _aCurso de contabilidad /
_cFinney Harry A , Miller Herbert E
260 _aMexico :
_bUteha,
_c1996
300 _a6 V
505 _aActivo, pasivo y capital 2 - - Organización de los estados y del mayor 94 - - Contabilidad de inventarios 217 - - Principios de contabilidad 276 - - Contabilidad de costos 310 - - Análisis de los datos financieros 346 - - Estados consolidados 445 - - La información contable como instrumento de la administración 477 - - Impuesto de renta 495 - - Listas de raya 534
650 1 4 _aCONTABILIDAD - EJERCICIOS
_96169
650 1 4 _aCONTABILIDAD GENERAL
_96170
942 _2ddc
_cBK
999 _c11301
_d11301